000 01756nam a2200373 a 4500
001 ebr10671319
003 CaPaEBR
006 m u
007 cr cn|||||||||
008 090820s2009 nyu sb 001 0 eng d
010 _z 2009502038
020 _z160741113X
020 _z9781607411130
020 _z9781614700555 (e-book)
040 _aCaPaEBR
_cCaPaEBR
035 _a(OCoLC)758387411
043 _an-us---
050 1 4 _aKF5733
_b.H83 2009eb
245 0 0 _aHUD housing programs for persons with disabilities
_h[electronic resource] /
_cErvin C. Felker, editor.
260 _aNew York :
_bNova Science Publishers,
_cc2009.
300 _aix, 82 p.
490 1 _aHousing issues, laws and programs series
500 _aEdited, excerpted and augmented editions of 1.) a CRS Report for Congress publication, Order Code RL34728, dated Nov. 3, 2008; and 2.) a U.S. Dept. of Justice and U.S. Dept. of Housing and Urban Development publication, Washington, D.C., dated Mar. 5, 2008.
504 _aIncludes bibliographical references and index.
533 _aElectronic reproduction.
_bPalo Alto, Calif. :
_cebrary,
_d2013.
_nAvailable via World Wide Web.
_nAccess may be limited to ebrary affiliated libraries.
610 1 0 _aUnited States.
_bDepartment of Housing and Urban Development.
650 0 _aPeople with disabilities
_xHousing
_xLaw and legislation
_zUnited States.
650 0 _aPeople with disabilities
_xHousing
_zUnited States.
655 7 _aElectronic books.
_2local
700 1 _aFelker, Ervin C.
710 2 _aebrary, Inc.
830 0 _aHousing, issues, laws and programs series.
856 4 0 _uhttp://site.ebrary.com/lib/rucke/Doc?id=10671319
_zAn electronic book accessible through the World Wide Web; click to view
999 _c162460
_d162460